000
00350pam a2200157a 44500
008
230515b2010 xxu||||| |||| 00| 0 eng d
020
_a
NULL
041
_a
MARATHI
082
_a
830 PAW
100
_a
J K PAWAR
245
_a
BHARAT WAY WARSHE 60 YEAR 1947 TO 2007
250
_a
1
260
_a
NULL
_b
NA
_c
2010
300
_a
360
650
_a
NULL
999
_c
640940
_d
640940